| 000 | 01114nam a22002777a 4500 | ||
|---|---|---|---|
| 005 | 20260417213822.0 | ||
| 007 | cr |||aaa||||| | ||
| 008 | 260417s2016 sp|a||||o|||| 001 0 spa d | ||
| 020 | _a9788490442395 | ||
| 040 |
_aMX-MxUPN _bspa _eaacr2 |
||
| 041 | 0 | _aspa | |
| 050 | 4 | _aPN1009 A1 | |
| 245 | 0 | 0 |
_aLiteratura y poder : _blas censuras en la LIJ _h[recurso electrónico en línea] |
| 260 |
_aCuenca : _bUniversidad de Castilla-La Mancha, _c2016 |
||
| 300 |
_a1 recurso en línea (123 páginas) : _bilsutraciones, PDF |
||
| 506 | 0 | _aAcceso abierto | |
| 650 | 4 |
_aLiteratura infantil _xCensura _zEspaña _ySiglo XX _959299 |
|
| 650 | 4 |
_aLiteratura juvenil _xCensura _zEspaña _ySiglo XX _959300 |
|
| 650 | 4 |
_aLiteratura infantil _xCensura _yAmérica Latina _zSiglo XX _959301 |
|
| 650 | 4 |
_aLiteratura juvenil _xCensura _zAmérica Latina _ySiglo XX _959302 |
|
| 700 | 1 |
_aLuján Atienza, Ángel Luis, _d1970 _959307 _ecoordinación |
|
| 700 | 1 |
_aSánchez Ortiz, César _959308 _ecoordinación |
|
| 856 | 4 | 0 | _uhttps://hdl.handle.net/10578/10832 |
| 902 | _aVìctorGodìnez/170426 | ||
| 942 |
_2lcc _cLIBRO-E |
||
| 999 |
_c214977 _d214977 |
||